000 00753nam a22002412 4500
001 0000002265
005 20151217151846.0
008 070405s xx 000 0 eng d
020 _a0273634224 :
_cKES 1,215
040 _aKABU
_cKABU
050 0 _aHF5437
_b.L97 1996
100 1 _aLysons, Kenneth.
_@0000151573
245 1 0 _aPurchasing /
_cKenneth Lysons.
250 _a4th ed.
260 _aLondon :
_bFinancial Times/Pitman Publishing,
_c1996.
300 _axiv, 434 p. ;
_c24 cm.
650 0 _aPurchasing.
_@0000150779
908 _a070405
950 _@1
999 _c5748
_d5748